Target Language, Collaborative Learning and Autonomy (Record no. 622874)

MARC details
000 -LEADER
fixed length control field 00563nam a22001817a 4500
008 - FIXED-LENGTH DATA ELEMENTS--GENERAL INFORMATION
fixed length control field 260508b |||||||| |||| 00| 0 eng d
020 ## - INTERNATIONAL STANDARD BOOK NUMBER
ISBN 9781853593680
Paper back/Hardbound pbk
041 ## - LANGUAGE CODE
Language code of text/sound track or separate title eng
082 ## - DEWEY DECIMAL CLASSIFICATION NUMBER
Classification number 418.007 MAC
100 ## - MAIN ENTRY--AUTHOR NAME
Personal name Macaro, Ernesto
245 ## - TITLE STATEMENT
Title Target Language, Collaborative Learning and Autonomy
Sub Title Modern Languages in Practice
Statement of responsibility, etc Ernesto Macaro
260 ## - PUBLICATION, DISTRIBUTION, ETC. (IMPRINT)
Place of publication Clevedon
Name of publisher Multilingual Matters Ltd.
Year of publication 1997
300 ## - PHYSICAL DESCRIPTION
Number of Pages 231p. :
Dimensions 25cm
504 ## - BIBLIOGRAPHY, ETC. NOTE
Bibliography, etc Includes bibliographies and index
650 ## - SUBJECT ADDED ENTRY--TOPICAL TERM
Topical Term Standard usage & applied linguistics
942 ## - ADDED ENTRY ELEMENTS (KOHA)
Koha item type English Books
Holdings
Withdrawn status Lost status Damaged status Not for loan Home library Current library Shelving location Date acquired Full call number Accession Number Price effective from Koha item type
        Anna Centenary Library Anna Centenary Library 4TH FLOOR, B WING 08.11.2010 418.007 MAC 333670 08.05.2026 English Books

Find us on the map